Grahana (Record no. 13489)

MARC details
000 -LEADER
fixed length control field 00478nam a2200157Ia 4500
003 - CONTROL NUMBER IDENTIFIER
control field IN-BaIIA
008 - FIXED-LENGTH DATA ELEMENTS--GENERAL INFORMATION
fixed length control field 211028s9999 xx 000 0 eng d
040 ## - CATALOGING SOURCE
Transcribing agency IIA Library
080 ## - UNIVERSAL DECIMAL CLASSIFICATION NUMBER
Universal Decimal Classification number 521.81
Item number SHY
100 ## - MAIN ENTRY--PERSONAL NAME
Personal name Shylaja, B. S.
245 #0 - TITLE STATEMENT
Title Grahana
Remainder of title a book on eclipse (Kannada)
Statement of responsibility, etc. B. S. Shylaja
260 ## - PUBLICATION, DISTRIBUTION, ETC.
Place of publication, distribution, etc. Bangalore
Name of publisher, distributor, etc. Bangalore Association for Science Education
Date of publication, distribution, etc. 1995
300 ## - PHYSICAL DESCRIPTION
Extent 83p.
650 ## - SUBJECT ADDED ENTRY--TOPICAL TERM
Topical term or geographic name entry element Eclipses
9 (RLIN) 909
942 ## - ADDED ENTRY ELEMENTS (KOHA)
Koha item type Books
Holdings
Withdrawn status Lost status Damaged status Not for loan Home library Current library Shelving location Date acquired Total Checkouts Full call number Barcode Date last seen Price effective from Koha item type
        IIA Library-Bangalore IIA Library-Bangalore General Stacks     521.81/ SHY 14408 05/11/2021   Books

Powered by Koha